Otras angustias de la posmodernidad : (Record no. 125808)

MARC details
000 -LEADER
campo de control de longitud fija 02096nam a22002177a 4500
003 - IDENTIFICADOR DE NÚMERO DE CONTROL
campo de control BJBSDDR
005 - FECHA Y HORA DE LA ÚLTIMA TRANSACCIÓN
campo de control 20251111123751.0
007 - CAMPO FIJO DE DESCRIPCIÓN FÍSICA--INFORMACIÓN GENERAL
campo de control de longitud fija ta
008 - DATOS DE LONGITUD FIJA--INFORMACIÓN GENERAL
campo de control de longitud fija 251111s2025 sp ||||| |||| 00| 0 spa d
020 ## - NÚMERO INTERNACIONAL ESTÁNDAR DEL LIBRO
Número Internacional Estándar del Libro 9791399018950
040 ## - FUENTE DE CATALOGACIÓN
Lengua de catalogación spa
Centro/agencia transcriptor BJBSDDR
041 ## - CÓDIGO DE IDIOMA
Código de lengua del texto/banda sonora o título independiente spa
050 ## - SIGNATURA TOPOGRÁFICA DE LA BIBLIOTECA DEL CONGRESO
Número de ítem M478o 2025
100 1# - ENTRADA PRINCIPAL--NOMBRE DE PERSONA
Nombre de persona Mármol, José,
Fechas asociadas al nombre 1960-
9 (RLIN) 35535
245 10 - MENCIÓN DEL TÍTULO
Título Otras angustias de la posmodernidad :
Resto del título aceleración, descontento y luchas identitarias /
Mención de responsabilidad, etc. José. Mármol
260 ## - PUBLICACIÓN, DISTRIBUCIÓN, ETC.
Lugar de publicación, distribución, etc. Madrid :
Nombre del editor, distribuidor, etc. Huerga & Fierro editores,
Fecha de publicación, distribución, etc. 2025
300 ## - DESCRIPCIÓN FÍSICA
Extensión 326 pages ;
Otras características físicas 22 cm
520 ## - RESUMEN, ETC.
Sumario, etc. Sinopsis de OTRAS ANGUSTIAS DE LA POSMODERNIDAD<br/>Todo libro publicado se traduce en un desafío a la incertidumbre. Su propósito puede terminar en el de un dardo perfectamente dirigido o el de una bala perdida. De lo que no cabe duda, una vez dadas las ideas a la estampa, es de la intencionalidad de comunicar, como una necesidad intraespecífica, que eleva su tensión en tiempos de hiperinformación y des información, en coyunturas sociopolíticas de un enorme ruido en la relación comunicativa yo-tú, o bien, nosotros-vosotros; ruido provocado, en buena medida, por la digitalización desenfrenada, el consumismo díscolo y el apogeo de los populismos y las ideas extremistas; también por las batallas identitarias centradas en el reconocimiento de la diversidad y las minorías, así como por las morbilidades que afectan más la salud mental que la corporeidad, esta última cada vez más sacudida por la vigorexia y las distorsiones seudo es téticas, apoyadas en la frialdad de abismo del quirófano. Estamos abocados a una nueva aventura existencial: nos movemos del Efecto Mariposa, que establece el comporta miento de una pequeña perturbación en un sistema caótico, con una secuela mayor o más devastadora a corto o mediano plazo en todo el orbe, hacia el Efecto Morgana, una suerte de espejismo o ilusión, de naturaleza térmica, que podría hacernos ver el desastre ve nidero como una suerte de esperanza encantadora. Ilusión o descontento, esa es la cuestión.
942 ## - ELEMENTOS DE ENTRADA SECUNDARIOS (KOHA)
Fuente del sistema de clasificación o colocación Clasificación de Library of Congress
Suprimir en OPAC No
Tipo de ítem Koha Libro
946 ## - PROCESAMIENTO DE INFORMACIÓN LOCAL (OCLC)
Iniciales del agente catalogador cmc
Holdings
Estatus retirado Estado de pérdida Fuente del sistema de clasificación o colocación Estado de daño No para préstamo Colección Biblioteca de origen Biblioteca actual Ubicación en estantería Fecha de adquisición Signatura topográfica completa Código de barras Visto por última vez Copia número Tipo de ítem Koha
    Clasificación de Library of Congress     Automatización y Procesos Técnicos Biblioteca Juan Bosch Biblioteca Juan Bosch Automatización y Procesos Técnicos (1er. Piso) 11/11/2025 M478o 2025 00000196843 11/11/2025 1 Libro